000 00383nam a2200145Ia 4500
008 151213s9999 xx 000 0 und d
100 _aDr. Paul Deussen
245 _aOut line Of Indian Philosophy
_cDr. Paul Deussen
260 _aDelhi
_bEss Ess Publication
_c1976
300 _a4515 p.
650 _aPhilosophy
650 _aReference
700 _aDr. Paul Deussen
999 _c2890
_d2890